Responses for show #1016 - Monday, January 23, 1989

Brian Wangsgard game 2.

Contestants

Dave Schneider, a fundraising activities manager from Heidelberg, Germany

Cathy Smith, an executive secretary from Ventura, California

Brian Wangsgard, a senior marketing representative from Redlands, California (whose 1-day cash winnings total $19,400)

Jeopardy! Round responses

POLITICAL QUOTES
'60s SONGS
SHOW BIZ BIOGRAPHIES
U.S. CITIES
ALPHABET SOUP
SALAD
    $100 4
Ted Kennedy

Dave
    $100 22
(Cathy: What is Kansas City?)

"Walking to Memphis"

Cathy
Triple Stumper
    $100 12
Jimmy Durante

Brian
    $100 1
Tampa, Florida

Cathy
    $100 9
M&Ms

Cathy
    $100 16
coleslaw

Brian
    $200 5
Winston Churchill

Cathy
    $200 27
"My Kind of Girl"

Triple Stumper
    $200 23
Judy Garland

Cathy
    $200 2
Madison

Dave
    $200 10
C.E.O.

Triple Stumper
    $200 17
gelatin

Brian
    $300 6
strange bedfellows

Cathy
    $300 28
"The Devil in Disguise"

Triple Stumper
    $300 24
Clara Bow

Cathy
    $300 3
(Brian: What is Arlington?)

Irving, Texas

Brian
Triple Stumper
    $300 11
LTD

Dave
    $300 18
potato salad

Brian
    $400 7
...
(Alex: Of the Philippines, that's right)

Corazon Aquino

Cathy
    $400 29
see

Cathy
    $2,100 25
(Cathy: Who is Muhammed Ali?)

Marlon Brando

Cathy
    $400 14
Winston-Salem

Brian
    $400 13
(Cathy: What is me?)

I

BrianCathy
    $400 19
garlic

Triple Stumper
    $500 8
power

Brian
    $500 30
Rosa's

Triple Stumper
    $500 26
(Cathy: Who is Lupe Velez?)

Jean Peters

Cathy
Triple Stumper
    $500 15
Eureka

Cathy
    $500 21
Q.E.D. (quod erat demonstrandum)

Cathy
    $500 20
Thousand Island

Brian

Scores at the first commercial break (after clue 14):

Brian Cathy Dave
$1,100 $700 $600

Scores at the end of the Jeopardy! Round:

Brian Cathy Dave
$2,200 -$100 $600

Double Jeopardy! Round responses

WORLD WAR II
WOMEN WRITERS
POTENT POTABLES
ART
BRIDGES
MOVIE TRIVIA
    $200 9
Edward R. Murrow

Brian
    $200 24
Nobel Prize

Brian
    $200 20
pink

Cathy
    $200 15
Christ

Brian
    $200 10
Turkey

Dave
    $200 1
Dirty Harry

Brian
    $400 5
The Congo

Dave
    $400 25
Sacco & Vanzetti

Brian
    $400 21
carbon dioxide

Cathy
    $400 16
etching

Brian
    $400 11
Arthur Miller

Brian
    $400 2
Disney

Cathy
    $600 6
Battle of the Bulge

Dave
    $600 26
Emily Dickinson

Cathy
    $100 22
rum

Cathy
    $1,000 17
(Brian: What is the United States?)

France

Brian
    $600 12
Staten Island

Brian
    $600 3
Mrs. Robinson

Cathy
    $800 7
Dresden

Dave
    $800 27
(Cathy: What is erotica?)

diaries

Cathy
Triple Stumper
    $800 28
cordial

Dave
    $800 18
terra cotta

Cathy
    $800 13
Portugal

Dave
    $800 4
(Cathy: Who is Jane Fonda?)

Donald Sutherland

CathyDave
    $1000 8
Coral Sea

Dave
    $1000 30
Edith Hamilton

Triple Stumper
    $1000 29
(Dave: What is 100%?)
(Alex: Yup, you divide the proof by 2.)

95%

BrianDave
    $1000 19
Goya

Dave
    $1000 14
floating (pontoon)

Brian
    $1000 23
Breakfast at Tiffany's

Brian

Scores at the end of the Double Jeopardy! Round:

Brian Cathy Dave
$6,800 $1,400 $6,000

[wagering suggestions for these scores]

Final Jeopardy! Round responses

CHEMISTRY
(Alex: [To Cathy] You remembered that we are mostly water, little bit of scotch.)
[Mild laughter]
CathyWhat is H2O?
$0
DaveWhat is H2O?
$3,100
BrianWhat is H2O?
$5,399
H2O

Final scores:

Brian Cathy Dave
$12,199 $1,400 $9,100
2-day champion: $31,599 3rd place: Gibson side-by-side refrigerator-freezer 2nd place: Royal Anne dining furniture by Keller & Burlington House draperies

Game dynamics:

Coryat scores:

Brian Cathy Dave
$7,800 $4,000 $6,000
19 R,
2 W
(including 1 DD)
17 R
(including 1 DD),
6 W
(including 1 DD)
12 R,
1 W

Combined Coryat: $17,800

The J! Archive is created by fans, for fans. The Jeopardy! game show and all elements thereof, including but not limited to copyright and trademark thereto, are the property of Jeopardy Productions, Inc. and are protected under law. This website is not affiliated with, sponsored by, or operated by Jeopardy Productions, Inc. Join the discussion at JBoard.tv.